000 00384 a2200145 4500
005 20250505112328.0
020 _a0-07-463007-5
082 _a658.159 APT
100 _aAPTE, P. G.
245 _aInternational Financial Management.
250 _a2rd Ed
260 _aNew Delhi,
_bTata McGraw- Hill,
_c1998.
300 _aXvi, 612p.: ill.; figure, table
_bIndex
_c23cm.
942 _2ddc
_cBKS
999 _c1910
_d1910